| 000 | 00483nam a2200145Ia 4500 | ||
|---|---|---|---|
| 008 | 230917s9999||||xx |||||||||||||| ||und|| | ||
| 040 |
_e175752 _aMAIN |
||
| 041 | _aEnglish | ||
| 082 | _a891.43172109 SR92:VK | ||
| 100 | _aविभुमौलि कुमार | ||
| 245 | 0 | _aकाव्य भाषा और आचार्य रामचन्द्र शुक्ल | |
| 260 |
_aदिल्ली _bस्वराज _c2005 |
||
| 300 | _a451 पृ. p. | ||
| 942 | _cHN | ||
| 999 |
_c131117 _d131117 |
||